000 00464nam a2200181Ia 4500
001 8100
005 20260306160544.0
008 260306t2002||||xx |||||||||||||| ||spa||
041 _aESP
082 _a370.1
_bR84
100 _aRosenberg, Marc J.
_eAUT
245 0 _aE-learning:
_bestrategias para transmitir conocimiento en la era digital
260 _c2002
300 _a332 páginas :
_c23 cm.
650 _aGEN
654 _aCED
942 _cLIB
_dJUS
_fJUS
_2ddc
_n
999 _c8100
_d8100